<?xml version="1.0" encoding="UTF-8"?>
<record
    xmlns:xsi="http://www.w3.org/2001/XMLSchema-instance"
    xsi:schemaLocation="http://www.loc.gov/MARC21/slim http://www.loc.gov/standards/marcxml/schema/MARC21slim.xsd"
    xmlns="http://www.loc.gov/MARC21/slim">

  <leader>02250cam a22003615i 4500</leader>
  <datafield tag="999" ind1=" " ind2=" ">
    <subfield code="c">27130</subfield>
    <subfield code="d">27102</subfield>
  </datafield>
  <controlfield tag="001">014595604</controlfield>
  <controlfield tag="003">Uk</controlfield>
  <controlfield tag="005">20190212144420.0</controlfield>
  <controlfield tag="008">070912s2008    nyu    frb    001 0 eng d</controlfield>
  <datafield tag="015" ind1=" " ind2=" ">
    <subfield code="a">GBA858861</subfield>
    <subfield code="2">bnb</subfield>
  </datafield>
  <datafield tag="016" ind1="7" ind2=" ">
    <subfield code="a">014595604</subfield>
    <subfield code="2">Uk</subfield>
  </datafield>
  <datafield tag="020" ind1=" " ind2=" ">
    <subfield code="a">9780230605466 (hbk.) </subfield>
  </datafield>
  <datafield tag="020" ind1=" " ind2=" ">
    <subfield code="a">023060546X (hbk.) </subfield>
  </datafield>
  <datafield tag="040" ind1=" " ind2=" ">
    <subfield code="a">StDuBDS</subfield>
    <subfield code="b">eng</subfield>
    <subfield code="c">StDuBDS</subfield>
    <subfield code="d">Uk</subfield>
    <subfield code="d">EG-ScBUE </subfield>
  </datafield>
  <datafield tag="082" ind1="0" ind2="4">
    <subfield code="a">909.09767	</subfield>
    <subfield code="2">22</subfield>
    <subfield code="b">TYL</subfield>
  </datafield>
  <datafield tag="100" ind1="1" ind2=" ">
    <subfield code="a">Tyler, Aaron.</subfield>
  </datafield>
  <datafield tag="245" ind1="1" ind2="0">
    <subfield code="a">Islam, the West, and tolerance :</subfield>
    <subfield code="b">conceiving coexistence /</subfield>
    <subfield code="c">by Aaron Tyler.</subfield>
  </datafield>
  <datafield tag="264" ind1=" " ind2="1">
    <subfield code="a">New York :</subfield>
    <subfield code="b">Palgrave Macmillan,</subfield>
    <subfield code="c">2008.</subfield>
  </datafield>
  <datafield tag="300" ind1=" " ind2=" ">
    <subfield code="a">219 pages ;</subfield>
    <subfield code="c">22 cm.</subfield>
  </datafield>
  <datafield tag="336" ind1=" " ind2=" ">
    <subfield code="a">text</subfield>
    <subfield code="2">rdacontent</subfield>
  </datafield>
  <datafield tag="337" ind1=" " ind2=" ">
    <subfield code="a">unmediated</subfield>
    <subfield code="2">rdamedia</subfield>
  </datafield>
  <datafield tag="338" ind1=" " ind2=" ">
    <subfield code="a">volume</subfield>
    <subfield code="2">rdacarrier</subfield>
  </datafield>
  <datafield tag="504" ind1=" " ind2=" ">
    <subfield code="a">Includes bibliographical references (p. [205]-213) and index.</subfield>
  </datafield>
  <datafield tag="505" ind1="0" ind2=" ">
    <subfield code="a">Introduction -- Colliding or converging civilizations? -- A historical glimpse of tolerance in the West -- Modern tolerance : a practical and theoretical critique -- Discovering Islam : a taproot of tolerance -- A diverse sampling of tolerance in the history of Islam -- A consensus for coexistence : employing a strategy of tolerance.</subfield>
  </datafield>
  <datafield tag="520" ind1=" " ind2=" ">
    <subfield code="a">	
"This book provides an honest assessment of the contemporary relationship between Western and Islamic cultures and puts forth the cross-cultural idea of tolerance as one invaluable approach for affecting peaceful coexistence. For a sustainable coexistence to occur between Western and Muslim worlds, a disposition of tolerance toward otherness must be developed that permeates all levels of society, from local to global engagements. This timely comparative study presents a succinct analysis of select writings and practices of tolerance in Western and Islamic histories to show how a mutually esteemed conception of tolerance is discernable and absolutely essential in a world of enduring difference."--Jacket.</subfield>
  </datafield>
  <datafield tag="650" ind1=" " ind2="7">
    <subfield code="a">East and West.</subfield>
    <subfield code="2">BUEsh</subfield>
    <subfield code="9">37081</subfield>
  </datafield>
  <datafield tag="650" ind1=" " ind2="7">
    <subfield code="a">Islam.</subfield>
    <subfield code="2">BUEsh</subfield>
    <subfield code="9">26245</subfield>
  </datafield>
  <datafield tag="650" ind1=" " ind2="7">
    <subfield code="a">Islam</subfield>
    <subfield code="x">Relations</subfield>
    <subfield code="x">Christianity.</subfield>
    <subfield code="2">BUEsh</subfield>
    <subfield code="9">41990</subfield>
  </datafield>
  <datafield tag="650" ind1=" " ind2="7">
    <subfield code="a">Christianity and other religions.</subfield>
    <subfield code="2">BUEsh</subfield>
    <subfield code="9">21401</subfield>
  </datafield>
  <datafield tag="653" ind1=" " ind2=" ">
    <subfield code="b">BUSBOL</subfield>
    <subfield code="c">February2019</subfield>
  </datafield>
  <datafield tag="856" ind1="4" ind2="1">
    <subfield code="3">Table of contents only</subfield>
    <subfield code="u">http://www.loc.gov/catdir/enhancements/fy0812/2007037560-t.html</subfield>
  </datafield>
  <datafield tag="942" ind1=" " ind2=" ">
    <subfield code="2">ddc</subfield>
    <subfield code="c">BB</subfield>
  </datafield>
  <datafield tag="952" ind1=" " ind2=" ">
    <subfield code="0">0</subfield>
    <subfield code="1">0</subfield>
    <subfield code="2">ddc</subfield>
    <subfield code="4">0</subfield>
    <subfield code="7">0</subfield>
    <subfield code="8">MERIC</subfield>
    <subfield code="a">MAIN</subfield>
    <subfield code="b">MAIN</subfield>
    <subfield code="c">2ND</subfield>
    <subfield code="d">2019-02-12</subfield>
    <subfield code="e">Purchase</subfield>
    <subfield code="g">561.00</subfield>
    <subfield code="h">000292</subfield>
    <subfield code="l">0</subfield>
    <subfield code="o">909.09767 TYL</subfield>
    <subfield code="p">000044195</subfield>
    <subfield code="r">2025-07-15 00:00:00</subfield>
    <subfield code="w">2019-02-12</subfield>
    <subfield code="y">BB</subfield>
  </datafield>
</record>
